000 00699nam a22002057a 4500
005 20260519111013.0
010 _aENG-148523
020 _a9789364442077
_c995.00
035 _aEN-132055
037 _bDBAD
082 _24
_a338.5024658
100 _aChristopher R. Thomas
_989141
245 _aManagerial Economics:
_cChristopher R. Thomas [and] Aishwarya Harichandan
_bFoundations of Business Analysis and Strategy
250 _a4
260 _aChennai
_bMcGraw Hill
_c2026
270 _a5/90 A, Butt Road, St. Thomas Mount
_bChennai
_e600016
300 _a669p.
_c24cm(pb)
_bIndex
700 _aAishwarya Harichandan
_eAuthor
_989142
942 _2ddc
_cEN
_h338.5024658
_mTHO
_e4
999 _c216261
_d216261